000 00487pab a2200181 454500
008 180718b2013 xxu||||| |||| 00| 0 eng d
100 _aJain, Ravindra
245 _aIntegrated framework of antecedents and effects of market orientation: A qualitative review
260 _c2013
300 _ap.425-445.
362 _aNov
650 _aMarketing
700 _aJain, Prachi
700 _aJain, Cherry
773 _aManagement and Labour Studies
908 _aN
909 _a103745
999 _c103741
_d103741